Normal view
MARC view
Entry Personal Name
001 - CONTROL NUMBER
- control field: 58238
003 - CONTROL NUMBER IDENTIFIER
- control field: OSt
005 - DATE AND TIME OF LATEST TRANSACTION
- control field: 20251216165752.0
008 - FIXED-LENGTH DATA ELEMENTS
- fixed length control field: 251216|| aca||aabn | a|a d
040 ## - CATALOGING SOURCE
- Original cataloging agency: OSt
- Transcribing agency: OSt
100 ## - HEADING--PERSONAL NAME
- Personal name: Wuniyu, F. Aprilius, A. and Maturan, A.Y.
670 ## - SOURCE DATA FOUND
- Source citation: Work cat.: (OSt)527734: Wuniyu, F. Aprilius, A. and Maturan, A.Y. , Corporatisation in local government: Context, evidence and perspectives from 19 countries. By Marieke Van Genugten, Bart Voorn, Rhys Andrews, Ulf Papenfuß, Harald Torsteinsen, Cham: Springer. 2023. pp. 497. €119.99 (hardcover). ISBN: 978-3-031-09981-6
